| 000 | 00625nam a2200181 4500 | ||
|---|---|---|---|
| 008 | 160718b xxu||||| |||| 00| 0 eng d | ||
| 020 | _a978-0-07-142308-3 | ||
| 082 |
_22009 _aDC 610.153 _bC33i |
||
| 100 |
_911649 _aCember, Herman |
||
| 245 |
_aIntroduction to health physics/ _cHerman Cember and Thomas E. Johnson. |
||
| 250 | _a4th edition | ||
| 260 |
_aNew York: _bMcGraw-Hill Medical, _cc2009. |
||
| 300 |
_axi, 843 pages: _billustrations; _c24 cm. |
||
| 500 | _aIncludes bibliographical references and index. | ||
| 650 | 0 |
_911650 _aMedical physics |
|
| 700 |
_911651 _aJohnson, Thomas E. _eAuthor |
||
| 942 |
_2ddc _cDC |
||
| 999 |
_c3492 _d3492 |
||